Nové Mesto nad Váhom - prímestská rekreačná oblasť Zelená voda

Zobrazenie:

Bibliographic Details
Other Authors: Šmátrala, Milan (fotograf) (Photographer), Mádr, Miroslav (fotograf) (Photographer)
Format: Photo
Language:Slovak
PhysicalDescription:1 pohľadnica (4 čiastkové pohľady) farebná 11 x 15 cm
Published: Bratislava Pravda 1988
Subjects:

MARC

LEADER 00000ckm a2200000 a 4500
001 vtls001203494
003 SK-MaSNL
005 20260425233610.0
007 kf co
008 180703s1988 xo g 0kuslo
015 |a SNBG1988 
035 |a SNK000146564 
040 |a SNK  |b slo  |c SNK  |e AACR2 
041 0 |a slo 
043 |a e-xo--- 
044 |a xo  |c SK 
072 7 |a 908(437)  |x Vlastiveda Česka a Slovenska  |2 konspekt 
080 |a 913(437.6)  |2 2011 
080 |a 908(437.6)  |2 2011 
080 |a (084.121)  |2 2011 
100 1 |a Šmátrala, Milan  |c (fotograf)  |4 pht  |9 164919 
245 1 0 |a Nové Mesto nad Váhom - prímestská rekreačná oblasť Zelená voda  |h grafika  |c foto Milan Šmátrala, Miroslav Mádr 
246 1 |i Názov na obrazovej časti:  |a Zelená voda 
260 |a Bratislava  |b Pravda  |c 1988  |e [Bratislava]  |f TZP-B 
300 |a 1 pohľadnica (4 čiastkové pohľady)  |b farebná  |c 11 x 15 cm 
520 8 |a Zobrazenie: 
651 7 |a Nové Mesto nad Váhom (Slovensko)  |2 SNKPHgeo  |9 28941 
651 7 |a Zelená voda (Slovensko : rybník)  |2 SNKPHgeo  |9 188009 
655 7 |a geografické pohľadnice  |2 SNKPH  |9 70522 
655 7 |a miestne pohľadnice  |2 SNKPH  |9 70510 
700 1 |a Mádr, Miroslav  |c (fotograf)  |4 pht  |9 351283 
958 |a GBN 
958 |a GC 
958 |a OND 
999 |c 770487  |d 772417 
952 |a SNK  |b SNK  |y PREZ  |7 0  |p 17A1410400  |o snkSP 140752  |i snk825/89  |0 0  |1 0  |4 0  |d 2022-03-18  |l 0  |r 2026-02-24 00:33:14  |w 2026-02-24 
952 |a SNK  |b SNK  |y PREZ  |7 0  |p 17A1410399  |o snkSP 140752 D1  |i snk826/89  |0 0  |1 0  |4 0  |d 2022-03-18  |l 0  |r 2026-02-24 00:33:15  |w 2026-02-24